Normal view
MARC view
- تحقيق العزيزي،روكس بن زائد ؛ تقديم داغر،يوسف أسعد
Entry Personal Name
001 - CONTROL NUMBER
- control field: 10788
003 - CONTROL NUMBER IDENTIFIER
- control field: JO-AjAnu
005 - DATE AND TIME OF LATEST TRANSACTION
- control field: 20230606072031.0
008 - FIXED-LENGTH DATA ELEMENTS
- fixed length control field: 230606|| aca||aabn | a|a d
040 ## - CATALOGING SOURCE
- Original cataloging agency: JO-AjAnu
- Transcribing agency: JO-AjAnu
100 ## - HEADING--PERSONAL NAME
- Personal name: تحقيق العزيزي،روكس بن زائد ؛ تقديم داغر،يوسف أسعد
670 ## - SOURCE DATA FOUND
- Source citation: Work cat.: (JO-AjAnu)5555: تحقيق العزيزي،روكس بن زائد ؛ تقديم داغر،يوسف أسعد, author, يوميات الدكتور أحمد زكي أبو شادي ((1942))